| 000 | 00427nam a2200157Ia 4500 | ||
|---|---|---|---|
| 005 | 20170619150145.0 | ||
| 008 | 140602s9999 xx 000 0 und d | ||
| 020 | _a0-88312-037-2 | ||
| 100 | 1 | _aADIVE, John R.. | |
| 245 | 1 | 4 | _aThe Verbal Piece in Ebira. |
| 260 |
_bSIL, _aDallas : _c1989. |
||
| 300 | _a164 pages; | ||
| 500 | _aPublications in Linguistics ; 85 | ||
| 546 | _aAnglais | ||
| 650 | 0 | _aLANGUES - Nigeria - Grammaire | |
| 999 |
_c63907 _d63881 |
||